00000000nas 2200000zi 4500
0019.841486
003CaOODSP
00520251031153226
006m     o  d f      
007cr |||||||||||
008170811c20169999qucar p o    f0   a0eng|d
022 |a2819-120X|y2291-7993
040 |aCaOODSP|beng|erda|cCaOODSP
043 |an-cn---
0861 |aBC9-5/6E-PDF|zBC9-5/2-2017
1102 |aCanadian Radio-television and Telecommunications Commission.|eauthor, |eissuing body.
222 0|aPrivacy Act, CRTC annual report
24510|aPrivacy Act, CRTC annual report.
2463 |aPrivacy Act, Canadian Radio-Television and Telecommunications Commission annual report
264 1|aHull, Quebec : |bCanadian Radio-Television and Telecommunications Commission = Conseil de la radiodiffusion et des télécommunications canadiennes, |c2016-
310 |aAnnual
336 |atext|btxt|2rdacontent
337 |acomputer|bc|2rdamedia
338 |aonline resource|bcr|2rdacarrier
3621 |aBegan with : 2015/2016.
500 |aIssued also in French under title: Loi sur la protection des renseignements personnels, rapport annuel du CRTC.
61020|aCanadian Radio-television and Telecommunications Commission.|vPeriodicals.
61010|aCanada. |tPrivacy Act|vPeriodicals.
650 0|aPrivacy, Right of|zCanada|vPeriodicals.
655 7|aPeriodicals|2lcgft
77508|tLoi sur la protection des renseignements personnels, rapport annuel du CRTC.|w(CaOODSP)9.841488
78000|tAnnual report. |w(CaOODSP)9.841177